Tác gia, tác phẩm văn học nước ngoài trong nhà trường
Giới thiệu về cuộc đời, sự nghiệp sáng tác của các tác giả Châu á, Châu Âu, ả Rập, những tác phẩm chính và nhận xét vai trò, vị trí của tác giả đó trong nền văn học dân tộc và thế giới.
Đã lưu trong:
| Tác giả chính: | |
|---|---|
| Định dạng: | Sách |
| Năm xuất bản: |
H.
Giáo dục
1999
|
| Chủ đề: | |
| Tags: |
Thêm thẻ
Không có thẻ, Hãy là người đầu tiên gắn thẻ bản ghi này!
|
| LEADER | 01098nam a2200193 4500 | ||
|---|---|---|---|
| 082 | |a 808.8 |b T101gi | ||
| 100 | |a Lưu Đức Trung | ||
| 245 | |a Tác gia, tác phẩm văn học nước ngoài trong nhà trường |c Lưu Đức Trung chủ biên, Trần Lê Bảo, Lê Nguyên Cẩn,... | ||
| 260 | |a H. |b Giáo dục |c 1999 | ||
| 300 | |a 556 tr. |c 20 cm | ||
| 520 | |a Giới thiệu về cuộc đời, sự nghiệp sáng tác của các tác giả Châu á, Châu Âu, ả Rập, những tác phẩm chính và nhận xét vai trò, vị trí của tác giả đó trong nền văn học dân tộc và thế giới. | ||
| 653 | |a Văn học nước ngoài | ||
| 653 | |a Nhà trường | ||
| 653 | |a Tác giả | ||
| 653 | |a Tác phẩm | ||
| 942 | |2 ddc |c STK0 | ||
| 999 | |c 2704 |d 2704 | ||
| 952 | |0 0 |1 0 |2 ddc |4 0 |6 808_800000000000000_T101GI |7 1 |8 800 |9 32989 |a qbu |b qbu |c D5 |d 2014-12-15 |g 40500 |o 808.8 T101gi |p 3547.c1 |r 0000-00-00 |w 2014-12-15 |y STK0 | ||
| 952 | |0 0 |1 0 |2 ddc |4 0 |6 808_800000000000000_T101GI |7 0 |8 800 |9 32990 |a qbu |b qbu |c D5 |d 2014-12-15 |g 40500 |l 4 |m 1 |o 808.8 T101gi |p 3547.c2 |r 2019-05-27 |s 2019-05-24 |w 2014-12-15 |y STK0 | ||